00637nam a22002057a 450000500170000001000130001702000100003003500130004003700160005304000120006908200110008110000120009224501510010426000350025527000610029030000280035165000190037965000130039870000200041120170124110130.0 aA-754430 c00.00 aA-754430 bCen Lib/Ret aDPLbEN aSbSIV aSivdasa aThe five-and-twenty tales of the genie :cby Sivadasa ; translated from sanskrit with an introduction by Chandra RajanbVetālapañćavinsati / aNew DelhibPenguin Booksc1995 a210, Chiranjiv Tower, 43, Nehru PlacebNew Delhie110019 a1xviii,254p. c20cm(Hb) aTales -- India aFolklore aChandra, Rajan